Temas arabes (Registro nro. 8503)

Detalles MARC
000 -LEADER
fixed length control field 00763nas a2200217 454500
001 - CONTROL NUMBER
control field 18689
005 - DATE AND TIME OF LATEST TRANSACTION
control field 20260407193505.0
008 - FIXED-LENGTH DATA ELEMENTS--GENERAL INFORMATION
fixed length control field 260407s1986####ag###########|||spa#d
003 - CONTROL NUMBER IDENTIFIER
control field AR-UNSa-BCEJYS
040 ## - CATALOGING SOURCE
Original cataloging agency AR-UNSa-BCEJYS
Language of cataloging spa
Transcribing agency AR-UNSa-BCEJYS
080 ## - UNIVERSAL DECIMAL CLASSIFICATION NUMBER
Universal Decimal Classification number 327
Common auxiliary subdivision Relaciones internacionales. Política internacional. Asuntos internacionales. Política exterior<br/>
100 1# - MAIN ENTRY--PERSONAL NAME
Personal name Chakur, Muhammad
245 10 - TITLE STATEMENT
Title Temas arabes
264 #1 - PRODUCTION, PUBLICATION, DISTRIBUTION, MANUFACTURE, AND COPYRIGHT NOTICE
Place of production, publication, distribution, manufacture Túnez :
Name of producer, publisher, distributor, manufacturer Liga de los Estado Arabes
Date of production, publication, distribution, manufacture, or copyright notice 1986
310 ## - CURRENT PUBLICATION FREQUENCY
Current publication frequency Frecuencia: trimestral
590 ## - LOCAL NOTE (RLIN)
Local note niveau_biblio:s niveau_hierar:1
650 ## - SUBJECT ADDED ENTRY--TOPICAL TERM
Topical term or geographic name entry element Cultura árabe
650 ## - SUBJECT ADDED ENTRY--TOPICAL TERM
Topical term or geographic name entry element Relaciones internacionales
856 41 - ELECTRONIC LOCATION AND ACCESS
Uniform Resource Identifier <a href="https://biblioeco.unsa.edu.ar/pmb/images/revistas/Temas Arabes.jpg">https://biblioeco.unsa.edu.ar/pmb/images/revistas/Temas Arabes.jpg</a>
Link text Imagen de portada
Electronic format type image/jpeg
942 ## - ADDED ENTRY ELEMENTS (KOHA)
Koha item type
Existencias
Withdrawn status Lost status Damaged status Not for loan Home library Current library Shelving location Date acquired Serial enumeration / chronology Total checkouts Full call number Barcode Date last seen Price effective from Koha item type
        Biblioteca Prof. Eusebio Cleto del Rey Biblioteca Prof. Eusebio Cleto del Rey   01/12/1986 Nº 2 - dic. 1986   H327 TEM 2 R08664 10/04/2026 10/04/2026 Numero
        Biblioteca Prof. Eusebio Cleto del Rey Biblioteca Prof. Eusebio Cleto del Rey   01/08/1986 Nº 1 - ago. 1986   H327 TEM 1 R08663 10/04/2026 10/04/2026 Numero